Fotbaláci. Záhada nejkratší noci v roce /
Další díl komiksové série pro fanoušky stejnojmenné detektivní série.
Uloženo v:
| Série: | Fotbaláci (komiks),
část 3 |
|---|---|
| Hlavní autor: | |
| Další autoři: | , |
| Médium: | Kniha |
| Jazyk: | Czech |
| Vydáno: |
Brno :
Host,
2026
|
| Vydání: | První vydání |
| Témata: | |
| Celkem bylo vypůjčeno: | 0x |
| Příbuzné jednotky: | Z cyklu::
Fotbaláci (komiks) |
| Tagy: |
Žádné tagy |
| LEADER | 02377nam a2200505 i 4500 | ||
|---|---|---|---|
| 001 | 106201 | ||
| 003 | CZ PrSKC | ||
| 005 | 20260428102115.0 | ||
| 007 | ta | ||
| 008 | 260410s2026 xr a b 6 000 1 cze | ||
| 015 | |a cnb003750836 | ||
| 020 | |a 9788027527885 |q (vázáno) | ||
| 040 | |a ABG001 |b cze |e rda | ||
| 041 | 1 | |a cze |h spa | |
| 072 | 7 | |a 741.52 |x Komiksy. Komiksové adaptace |2 Konspekt |9 21 | |
| 072 | 7 | |a 821-93 |x Literatura pro děti a mládež (beletrie) |2 Konspekt |9 26 | |
| 080 | |a 741.52(0:82-322.4) |2 MRF | ||
| 080 | |a 821-93 |2 MRF | ||
| 100 | 1 | |a Santiago, Roberto, |d 1968- |7 xx0181146 |4 aut |9 109098 | |
| 240 | 1 | 0 | |a Misterio de la noche más corta. |l Česky |
| 245 | 1 | 0 | |a Fotbaláci. |p Záhada nejkratší noci v roce / |c Roberto Santiago ; přeložila Romana Bičíková ; ilustrace Carlos Lluch |
| 246 | 3 | 0 | |a Záhada nejkratší noci v roce |
| 250 | |a První vydání | ||
| 264 | 1 | |a Brno : |b Host, |c 2026 | |
| 300 | |a 60 nečíslovaných stran : |b barevné ilustrace ; |c 27 cm | ||
| 336 | |a text |b txt |2 rdacontent | ||
| 336 | |a statický obraz |b sti |2 rdacontent | ||
| 337 | |a bez média |b n |2 rdamedia | ||
| 338 | |a svazek |b nc |2 rdacarrier | ||
| 500 | |a Přeloženo ze španělštiny | ||
| 500 | |a Na hřbetu označení: 3 | ||
| 520 | 2 | |a Další díl komiksové série pro fanoušky stejnojmenné detektivní série. |b Blíží se svatojánská noc a hráči Soto Alta se chystají na důležitý zápas. Nastoupí proti nim obávaný tým z horské vesnice Vrčounov. A jako vždy jde o hodně! Jenže se děje něco podivného. Soto Alto dává góly příliš snadno a vypadá to, že soupeř snad prohrává úmyslně. Ale proč by chtěli soupeři utkání vzdát? Nakladatelská anotace. | |
| 521 | 8 | |a Pro čtenáře od 7 let | |
| 655 | 7 | |a detektivní komiksy |7 fd1057469 |2 czenas | |
| 655 | 7 | |a publikace pro děti |7 fd133156 |2 czenas |9 23 | |
| 655 | 9 | |a detective comics |2 eczenas | |
| 655 | 9 | |a children's literature |2 eczenas | |
| 700 | 1 | |a Bičíková, Romana, |d 1986- |7 xx0161614 |4 trl |9 21058 | |
| 700 | 1 | |a Lluch, Carlos, |d 1983- |7 xx0312395 |4 ill |9 117292 | |
| 710 | 2 | |a Host (vydavatelství) |7 ko2003163544 |4 pbl |9 117148 | |
| 787 | 0 | 8 | |i Z cyklu: |t Fotbaláci (komiks) |g 3 |
| 910 | |a UOG502 | ||
| 942 | |2 ddc |c KN | ||
| 999 | |d 106201 | ||
| 993 | |0 0 |1 421180106927 |2 ddc |4 0 |7 0 |9 99544 |b 0 |c 106927 |d 2026-04-28 |e 0 |f M |h 369.00 |i Koupě |l M |r 2026-04-28 |t 8 |w 2026-04-28 |y KN |z KOMIKS |n | ||